| 000 | 00707cam a2200229 4500 | ||
|---|---|---|---|
| 001 | ABS61551 | ||
| 008 | 000000n1999 000 0 eng u | ||
| 035 | _a(Sirsi) u102505 | ||
| 100 | _aWood, T. | ||
| 245 | _aRebuild public confidence | ||
| 260 | _c1999 | ||
| 490 |
_aContract Journal _v401(6251) 10 November 1999, 18-19(2) |
||
| 520 | _aExamines changes to the NHBC system of inspections, and assesses the impact which these reforms will have on increasing public confidence and improving the quality of housebuilding. | ||
| 590 | _aABS | ||
| 650 | _aNHBC | ||
| 650 | _aINSPECTIONS | ||
| 650 | _aHOUSE BUILDING | ||
| 650 | _aQUALITY | ||
| 650 | _aREFORM | ||
| 690 | _aHOUSING | ||
| 942 | _n0 | ||
| 999 |
_c61517 _d61517 |
||